[Event "Espergaerde (Women)"]
[Site "Espergaerde"]
[Date "1992.??.??"]
[Round "?"]
[White "Veroci, Zsuzsa"]
[Black "Peicheva Hansen, Evgenia"]
[Result "1/2-1/2"]
[WhiteElo "2310"]
[BlackElo "2175"]

1.e4 c5 2.Nf3 Nc6 3.Bb5 e6 4.Bxc6 dxc6 5.e5 Ne7 6.d3 Nf5 7.Nc3 Be7 8.O-O O-O
9.a4 a5 10.Qe2 Nd4 11.Nxd4 cxd4 12.Ne4 f5 13.exf6 gxf6 14.Bh6 Rf7 15.f4 Bd7
16.Qh5 Bf8 17.Rae1 b6 18.Rf3 Bxh6 19.Qxh6 Qf8 20.Qh4 c5 21.Rh3 Qe7 22.b3 Raf8
23.Rg3+  1/2-1/2

[Event "Espoo op"]
[Site "Espoo"]
[Date "1992.??.??"]
[Round "?"]
[White "Pyhala, Antti"]
[Black "Nokso Koivisto, Antti"]
[Result "1-0"]
[WhiteElo "2365"]
[BlackElo "2330"]

1.e4 c5 2.Nf3 Nc6 3.Bb5 d6 4.b4 cxb4 5.a3 Bd7 6.axb4 Nxb4 7.Nc3 Nf6 8.Rb1 Bxb5
9.Nxb5 Nc6 10.O-O Nxe4 11.Re1 Nf6 12.d4 a6 13.Nc3 Na5 14.Bg5 Rc8 15.Bxf6 Rxc3
16.Bh4 h6 17.d5 Rc4 18.Nd4 Kd7 19.Qg4+ Kc7 20.Ra1 Rc5 21.Qf5 Qe8 22.Qf3 g5
23.Bg3 Bg7 24.Bxd6+ Kxd6 25.Nf5+ Kd7 26.Nxg7 Qf8 27.Nf5 e6 28.Rxa5 Rxa5 29.dxe6+ fxe6
30.Qxb7+ Kd8 31.Qb6+ Kd7 32.Qxa5 Qxf5 33.Rd1+ Ke7 34.Qc7+ Kf6 35.Rd7 Rf8
36.Rh7  1-0

[Event "Espoo op"]
[Site "Espoo"]
[Date "1992.??.??"]
[Round "?"]
[White "Zapolskis, Antanas"]
[Black "Nokso Koivisto, Antti"]
[Result "1-0"]
[WhiteElo "2400"]
[BlackElo "2330"]

1.e4 c5 2.Nf3 Nc6 3.Bb5 d6 4.c3 Qb6 5.Ba4 Qa5 6.O-O b5 7.Bc2 Bg4 8.h3 Bxf3
9.Qxf3 Rc8 10.d3 g6 11.Nd2 Bg7 12.Qg3 Nf6 13.f4 O-O 14.Qh4 b4 15.Nc4 Qc7
16.f5 bxc3 17.bxc3 d5 18.Bf4 Qd7 19.Ne5 Nxe5 20.Bxe5 dxe4 21.dxe4 Qd2 22.Rac1 Rfd8
23.Kh1 Qe2 24.Rfe1 Qa6 25.Bb1 Rd2 26.Bf4 Rb2 27.e5 Qb7 28.Bc2 Nh5 29.e6 Nxf4
30.exf7+ Kxf7 31.Qxf4 Bf6 32.fxg6+ hxg6 33.Qh6 Rg8 34.Be4 Qb8 35.Bd5+ Ke8
36.Bxg8 Qg3 37.Bd5 Bg5 38.Qxg6+ Kd8 39.Rcd1 Kc8 40.Qc6+ Kb8 41.Qa8+  1-0

[Event "FIN-chT"]
[Site "FIN"]
[Date "1992.??.??"]
[Round "?"]
[White "Haapasalo, Jukka Pekka"]
[Black "Nokso Koivisto, Antti"]
[Result "1/2-1/2"]
[WhiteElo "2245"]
[BlackElo "2330"]

1.e4 c5 2.Nf3 Nc6 3.Bb5 d6 4.O-O Bd7 5.c3 Nf6 6.Re1 a6 7.Ba4 b5 8.Bc2 Bg4
9.d3 g6 10.h3 Bxf3 11.Qxf3 Bg7 12.a4 b4 13.Be3 O-O 14.Rd1 Rb8 15.d4 bxc3
16.bxc3 cxd4 17.cxd4 Nd7 18.Na3 e5 19.dxe5 Ndxe5 20.Qe2 Nb4 21.Bb3 Qe7 22.Rab1 Rfc8
23.Nc2 Nxc2 24.Bxc2 Rxb1 25.Bxb1 Rc6 26.Ba2 a5 27.Rb1 h6 28.Bd5 Rc3 29.Rb7 Rc7
30.Rb5 Nc6 31.Qd2 Kh7  1/2-1/2

[Event "FIN-chT"]
[Site "FIN"]
[Date "1992.??.??"]
[Round "?"]
[White "Pyhala, Antti"]
[Black "Manninen, Marko"]
[Result "0-1"]
[WhiteElo "2365"]
[BlackElo "2450"]

1.e4 c5 2.Nf3 Nc6 3.Bb5 e6 4.O-O Nge7 5.Re1 Nd4 6.a4 a6 7.Nxd4 cxd4 8.Bf1 g6
9.Na3 Bg7 10.e5 d5 11.exd6 Qxd6 12.Nc4 Qc7 13.a5 O-O 14.Nb6 Rb8 15.d3 e5
16.g3 Be6 17.f4 Nd5 18.fxe5 Nxb6 19.axb6 Qxb6 20.Bg2 Rbc8 21.b4 Rfd8 22.Bg5 Rd7
23.Qd2 Rdc7 24.Rac1 Bf8 25.Bf6 Qxb4 26.Qf4 Rxc2 27.Rb1 Rb2 28.Rbd1 Rcc2 29.Be4 Rxh2
30.g4 a5 31.Qxh2 Rxh2 32.Kxh2 Bxg4 33.Rb1 Qd2+ 34.Kh1 b5 35.Rg1 Qh6+ 36.Kg2 Qh3+
37.Kf2 Qe3+ 38.Kg2 b4 39.Rbe1 Qh3+ 40.Kf2 Bh6 41.Rxg4 Qxg4 42.Bf3 Be3+  0-1

[Event "Forli op"]
[Site "Forli"]
[Date "1992.??.??"]
[Round "9"]
[White "Andrienko, Anatoly"]
[Black "Tocchioni, Doriano"]
[Result "1-0"]
[WhiteElo "2230"]
[BlackElo "2240"]

1.e4 c5 2.Nf3 Nc6 3.Bb5 a6 4.Bxc6 bxc6 5.O-O d5 6.d3 Bg4 7.Nc3 e6 8.h3 Bxf3
9.Qxf3 Nf6 10.b3 Be7 11.Ba3 h5 12.Qe2 h4 13.Na4 Nd7 14.f4 Qc7 15.f5 e5 16.Qf3 d4
17.c3 Bg5 18.Nxc5 dxc3 19.Na4 Qa7+ 20.Kh1 Be3 21.Nxc3 Nf6 22.Ne2 Nh5 23.Bc1 Bd4
24.Rb1 a5 25.Bg5 Nf6 26.Nxd4 Qxd4 27.Rfd1 Rd8 28.Be3 Qb4 29.Rbc1 Qa3 30.Qf2 Qd6
31.Bc5 Qc7 32.Bb6 Qd7 33.Bxd8 Kxd8 34.Qb6+ Ke7 35.Rxc6 Ne8 36.d4 Rh6 37.Qc5+ Kd8
38.Rxh6 gxh6 39.Qxe5 f6 40.Qxa5+ Ke7 41.Qc5+ Kf7 42.Rc1 h5 43.a4  1-0

[Event "Fuerteventura"]
[Site "Fuerteventura"]
[Date "1992.??.??"]
[Round "?"]
[White "Almeida, Miguel Angel"]
[Black "Solana Suarez, Ernesto"]
[Result "0-1"]
[WhiteElo "2315"]
[BlackElo "2265"]

1.e4 c5 2.Nf3 Nc6 3.Bb5 d6 4.O-O Bd7 5.Re1 Nf6 6.c3 a6 7.Bf1 Bg4 8.d3 e6
9.Nbd2 Be7 10.h3 Bh5 11.g4 Bg6 12.d4 cxd4 13.cxd4 d5 14.e5 Nd7 15.a3 Qb6
16.Nb3 a5 17.Be3 a4 18.Nc1 Qxb2 19.Nd3 Qb6 20.h4 h6 21.Nf4 Be4 22.Bd3 Bxd3
23.Qxd3 Qa6 24.Reb1 Qxd3 25.Nxd3 Na5 26.Rb5 Nb3 27.Ra2 b6 28.Nb2 O-O 29.Kg2 Rfc8
30.Nxa4 Nxd4 31.Nxd4 Rxa4 32.f4 Bc5 33.Nc2 Bxe3 34.Nxe3 Rxf4 35.Kg3 Re4 36.Nd1 Rcc4
37.Nf2 Re3+ 38.Kg2 Ra4 39.Rc2 Nxe5 40.Rxb6 Nxg4 41.Rb8+ Kh7 42.h5 Nf6 43.Rf8 Nxh5
44.Rxf7 Rg3+ 45.Kf1 Raxa3 46.Rd2 Raf3  0-1

[Event "Peer Gynt"]
[Site "Gausdal"]
[Date "1992.??.??"]
[Round "2"]
[White "Jansa, Vlastimil"]
[Black "Sveshnikov, Evgeny"]
[Result "1-0"]
[WhiteElo "2455"]
[BlackElo "2525"]

1.e4 c5 2.Nf3 Nc6 3.Bb5 e6 4.O-O Nge7 5.b3 Nd4 6.Nxd4 cxd4 7.c3 a6 8.Bd3 Nc6
9.cxd4 d5 10.exd5 Qxd5 11.Bb2 Be7 12.Na3 Bf6 13.Nc4 Bxd4 14.Be4 Qd8 15.Ba3 Ne5
16.Nd6+ Kd7 17.Rc1 f5 18.Bxb7 Bxb7 19.Nxb7 Qb6 20.Bc5 Qxb7 21.Bxd4 Ng6 22.f3 Rac8
23.Qe2 Rxc1 24.Rxc1 Rc8 25.Rc3 Kd6 26.Qd3 Ke7 27.Rxc8 Qxc8 28.Qc3 Qxc3 29.dxc3 e5
30.Be3 f4 31.Bf2 Kd6 32.Kf1 e4 33.fxe4 Ke5 34.Bd4+ Kxe4 35.Bxg7 Nh4 36.Kf2 f3
37.g3 Nf5 38.Bd4 h5 39.h3 Nh6 40.b4 Nf7 41.a4 Nd6 42.Ba7 Nc4 43.b5 axb5 44.axb5 Nb2
45.Bd4 Nd3+ 46.Kg1 Kd5 47.Kh2 Nc1 48.g4 hxg4 49.hxg4 Ne2 50.b6  1-0

[Event "Gausdal Int"]
[Site "Gausdal"]
[Date "1992.??.??"]
[Round "6"]
[White "Svidler, Peter"]
[Black "Vidarsson, Jon G"]
[Result "1/2-1/2"]
[WhiteElo "2455"]
[BlackElo "2300"]

1.e4 c5 2.Nf3 Nc6 3.Bb5 d6 4.O-O Bd7 5.Re1 e6 6.c3 Ne5 7.Bxd7+ Qxd7 8.d4 Nxf3+
9.Qxf3 Ne7 10.Bf4 Ng6 11.Bg3 Be7 12.Na3 cxd4 13.cxd4 O-O 14.Qb3 Rfc8 15.Rad1 d5
16.Nc2 dxe4 17.Rxe4 Bf6 18.Ne3 Ne7 19.Be5 Nd5 20.Nxd5  1/2-1/2

[Event "Peer Gynt"]
[Site "Gausdal"]
[Date "1992.??.??"]
[Round "7"]
[White "Svidler, Peter"]
[Black "Fossan, Erik"]
[Result "1-0"]
[WhiteElo "2455"]
[BlackElo "2340"]

1.e4 c5 2.Nf3 Nc6 3.Bb5 e6 4.O-O Nge7 5.b3 Nd4 6.Nxd4 cxd4 7.c3 Nc6 8.Bb2 Bc5
9.Qh5 Bb6 10.Na3 O-O 11.Nc4 dxc3 12.dxc3 d5 13.Rad1 Qf6 14.exd5 exd5 15.Rxd5 Be6
16.Rd3 Bc7 17.Rfd1 g6 18.Qf3 Qg5 19.Bxc6 Bg4 20.Qd5 Qh6 21.h3 bxc6 22.Qxc6 Rac8
23.Nd6 Bxd6 24.Qxd6 Bxd1 25.c4 Qg5 26.Bf6 Qc5 27.Rxd1 Qxd6 28.Rxd6 Rfe8 29.Kf1 Re6
30.Rxe6 fxe6 31.Ke2 Kf7 32.Bd4 Rc7 33.Kd3 Ke7 34.b4 a6 35.a4 Kd7 36.Bb6 Rc8
37.Be3 Kc6 38.Kc3 Rd8 39.Bd4 Kb7 40.h4 Rf8 41.g3 Rf7 42.Be3 Rd7 43.Bd4 Rf7
44.Kd3 Rc7 45.Be3 Rd7+ 46.Ke4 Rd1 47.Ke5 Ra1 48.a5 Rb1 49.Kf6 Rd1 50.Kxe6 Kc6
51.Bc5 Rd3 52.Kf6 Rd7 53.g4 Rd3 54.Kg5 Rc3 55.Kh6 Rxc4 56.f3 Rf4 57.Kxh7 Kd7
58.Kxg6 Rxf3 59.h5  1-0

[Event "Oberliga Nord N9192"]
[Site "Germany"]
[Date "1992.??.??"]
[Round "?"]
[White "Rostalski, Walter"]
[Black "Pachow, Joerg"]
[Result "1/2-1/2"]
[WhiteElo "2270"]
[BlackElo "2240"]

1.e4 c5 2.Nf3 Nc6 3.Bb5 g6 4.O-O Nf6 5.Re1 Bg7 6.c3 O-O 7.d4 cxd4 8.cxd4 d5
9.e5 Ne4 10.Nc3 a6 11.Bxc6 bxc6 12.Na4 f6 13.Be3 g5 14.Nd2 Rb8 15.f3 Nxd2
16.Qxd2 fxe5 17.dxe5 g4 18.f4 a5 19.b3 Rb4 20.Red1 h5 21.g3 Bf5 22.Nc5 h4
23.a3 Rb5 24.Bd4 e6 25.a4 Rb8 26.Bf2 hxg3 27.hxg3 Rf7 28.Kg2 Bf8 29.Rac1 Bxc5
30.Rxc5 Rxb3 31.Rxc6 d4 32.Qxd4 Rd7 33.Qxd7 Be4+ 34.Kf1 Qxd7 35.Rxd7 Bxc6
36.Ra7 Bxa4 37.Rxa5 Bb5+ 38.Kg2 Bc6+ 39.Kf1 Bb5+ 40.Kg2 Bc6+ 41.Kf1 Bb5+
42.Kg2 Bc6+  1/2-1/2

[Event "NRW-Liga II 9192"]
[Site "Germany"]
[Date "1992.??.??"]
[Round "?"]
[White "Kruszynski, Wlodzimierz"]
[Black "Bakalarz, Mieczyslaw"]
[Result "1-0"]
[WhiteElo "2375"]
[BlackElo "2260"]

1.e4 c5 2.Nf3 Nc6 3.Bb5 g6 4.O-O Bg7 5.c3 e5 6.d4 cxd4 7.cxd4 exd4 8.Bf4 Nge7
9.Bd6 Qb6 10.Na3 a6 11.Bd3 Na5 12.e5 Qxb2 13.Nc4 Nxc4 14.Bxc4 h6 15.Rb1 Qc3
16.Qa4 Nc6 17.Rfc1 Qa5 18.Qb3 Kd8 19.Bxf7 Bf8 20.Rc5 Qxc5 21.Bxc5 Bxc5 22.Qd5 b6
23.Bxg6 Kc7 24.Rc1 Bb7 25.Rxc5 bxc5 26.Qxc5 Rac8 27.Qd6+ Kb6 28.h4 Ka7 29.Bf5 Rhg8
30.Bxd7 Nxe5 31.Qxd4+ Ka8 32.Qxe5 Rc1+ 33.Kh2 Rc4 34.Bh3  1-0

[Event "NRW-Liga I 9192"]
[Site "Germany"]
[Date "1992.??.??"]
[Round "?"]
[White "Wacker, Peter"]
[Black "Odendahl, Reiner"]
[Result "1/2-1/2"]
[WhiteElo "2320"]
[BlackElo "2295"]

1.e4 c5 2.Nf3 Nc6 3.Bb5 e6 4.Bxc6 dxc6 5.d3 Qc7 6.e5 Ne7 7.b3 Ng6 8.Bb2 Be7
9.h4 f5 10.g3 Bd7 11.Qe2 O-O-O 12.Nbd2 Be8 13.O-O-O Rg8 14.Kb1 Nf8 15.Ne1 h6
16.h5 Nd7 17.Ng2 Nb6 18.Nf3 Bf7 19.Nfh4 Kb8 20.Qf3 Bg5 21.Qe2 Be7 22.Qf3 Bg5
23.Qe2  1/2-1/2

[Event "BL9192 (Women)"]
[Site "Germany"]
[Date "1992.??.??"]
[Round "?"]
[White "Wagner Michel, Annett"]
[Black "Heinatz, Gundula"]
[Result "1-0"]
[WhiteElo "2215"]
[BlackElo "2240"]

1.e4 c5 2.Nf3 Nc6 3.Bb5 g6 4.O-O Bg7 5.Re1 Nf6 6.Nc3 a6 7.Bxc6 dxc6 8.e5 Nd5
9.Ne4 b6 10.h3 O-O 11.d3 h6 12.a3 f5 13.Ng3 e6 14.Bd2 Ra7 15.Qe2 g5 16.c4 Ne7
17.Bc3 Rd7 18.Rad1 Ng6 19.Nh5 Rdf7 20.Nf6+ Bxf6 21.exf6 Rxf6 22.Bxf6 Qxf6
23.Ne5 Nxe5 24.Qxe5 Qxe5 25.Rxe5 Kf7 26.g3 Kf6 27.f4 Rd8 28.Kf2 a5 29.Ke3 h5
30.h4 gxf4+ 31.gxf4 Rg8 32.Kf3 Rg4 33.Rh1 a4 34.Ree1 Bd7 35.Rh2 Ke7 36.Rd1 b5
37.Rg2 Rxh4 38.Rg7+ Kd6 39.d4 Bc8 40.cxb5 cxb5 41.dxc5+ Kc6 42.Rd8  1-0

[Event "BL2-W9192"]
[Site "Germany"]
[Date "1992.??.??"]
[Round "?"]
[White "Laven, Ralf"]
[Black "Mrva, Martin"]
[Result "0-1"]
[WhiteElo "2320"]
[BlackElo "2345"]

1.e4 c5 2.Nf3 Nc6 3.Bb5 Nf6 4.e5 Nd5 5.O-O Nc7 6.Bxc6 dxc6 7.h3 Rg8 8.d4 cxd4
9.Qd3 g6 10.Rd1 Qd5 11.Qe2 c5 12.c3 g5 13.g4 h5 14.Nxg5 Bh6 15.cxd4 Bxg5
16.dxc5 Qc6 17.Bxg5 Rxg5 18.Qd2 Ne6 19.f4 Rg8 20.Nc3 hxg4 21.h4 b6 22.f5 Qxc5+  0-1

[Event "BL2-S9192"]
[Site "Germany"]
[Date "1992.??.??"]
[Round "?"]
[White "Vatter, Hans Joachim"]
[Black "Vuckovic, Aleksandar"]
[Result "1/2-1/2"]
[WhiteElo "2280"]
[BlackElo "2210"]

1.e4 c5 2.Nf3 Nc6 3.Bb5 g6 4.O-O Bg7 5.Re1 Qb6 6.Bxc6 bxc6 7.Na3 Ba6 8.d3 Nf6
9.Rb1 O-O 10.Bd2 Qc7 11.Qc1 Rfe8 12.Bh6 Bh8 13.Qg5 d5 14.e5 Nh5 15.Qe3 Qb6
16.Ng5 Bg7 17.Bxg7 Nxg7 18.Qh3 h5 19.Qf3 Rf8 20.Qf4 Qb4 21.c4 Bc8 22.Nf3 Kh7
23.Qe3 Bf5 24.Rec1 Rac8 25.Nh4 Rfd8 26.Nc2 Qa5 27.Nxf5 Nxf5 28.Qf3 Kg7 29.a3 dxc4
30.dxc4 Qd2 31.h3 Qg5 32.Rd1 Rd2 33.Rxd2 Qxd2 34.Qe4 Rd8 35.b4 cxb4 36.axb4 Rd3
37.Ne1 Rd4 38.Qxc6 Qf4 39.c5 Rxb4 40.Rxb4 Qxb4 41.Nf3 Qb1+ 42.Kh2 Qc2 43.Kg1 a5
44.Qb5 Qc1+ 45.Kh2 Qf4+ 46.Kg1 Qc1+ 47.Kh2  1/2-1/2

[Event "BL2-S9192"]
[Site "Germany"]
[Date "1992.??.??"]
[Round "?"]
[White "Sick, Oliver"]
[Black "Gabriel, Christian"]
[Result "0-1"]
[WhiteElo "2355"]
[BlackElo "2360"]

1.e4 c5 2.Nf3 Nc6 3.Bb5 g6 4.O-O Bg7 5.c3 Nf6 6.Re1 O-O 7.h3 a6 8.Bxc6 dxc6
9.e5 Nd5 10.d4 cxd4 11.Qxd4 Bf5 12.Nbd2 h6 13.Nf1 Rc8 14.Qh4 e6 15.Qg3 Qb6
16.Nd4 c5 17.Nxf5 exf5 18.Qf3 Rcd8 19.g4 fxg4 20.hxg4 Qe6 21.Ng3 f6 22.Qh1 fxe5
23.Bxh6 Qxg4 24.Re4 Nf4 25.Rf1 Rd3 26.Bxf4 exf4 27.Qg2 Qg5 28.Nh1 Qh5 29.f3 Rf5
30.Nf2 Rd2 31.Re8+ Bf8 32.Qh2  0-1

[Event "BL2-S9192"]
[Site "Germany"]
[Date "1992.??.??"]
[Round "?"]
[White "Maier, Christian"]
[Black "Rausis, Igors"]
[Result "1/2-1/2"]
[WhiteElo "2400"]
[BlackElo "2460"]

1.e4 c5 2.Nf3 Nc6 3.Bb5 d6 4.Bxc6+ bxc6 5.O-O g6 6.Re1 Bg7 7.e5 Be6 8.Nc3 Nh6
9.d4 O-O 10.dxc5 dxc5 11.Qxd8 Rfxd8 12.Be3 c4 13.Bc5 Nf5 14.g4 Bd5 15.gxf5 Bxf3
16.Re3 Bg4 17.Bxe7 Rd2 18.f6 Bh6 19.Re4 Be6 20.Rd1 Rxc2 21.Rh4 Bg5 22.Rhd4 h5
23.f4 Bh6 24.Ba3 g5 25.R4d2 Rxd2 26.Rxd2 gxf4 27.Kf2 Kh7 28.Bc5 Kg6 29.Bd6 Bg5
30.Kf3 Re8 31.Kf2 Bh4+ 32.Kg2 Rg8 33.Rd4 Bg5 34.Kf2 Bh4+ 35.Kg2 Bg5 36.Kf2 Bh4+
37.Kg2 Bg5 38.Kf2 Kf5 39.Kf3 Kg6 40.Kf2  1/2-1/2

[Event "BL2-N9192"]
[Site "Germany"]
[Date "1992.??.??"]
[Round "?"]
[White "Lisek, Juergen"]
[Black "Gauglitz, Gernot"]
[Result "1/2-1/2"]
[WhiteElo "2270"]
[BlackElo "2430"]

1.e4 c5 2.Nf3 Nc6 3.Bb5 g6 4.O-O Bg7 5.c3 Nf6 6.Re1 a6 7.Bxc6 dxc6 8.d4 cxd4
9.cxd4 O-O 10.h3 c5 11.e5 Nd5 12.dxc5 Be6 13.Nc3 Nxc3 14.bxc3 Rc8 15.Be3 Bd5
16.Bd4 Qd7 17.Ng5 Qf5 18.Qg4 Qxg4 19.hxg4 e6 20.Ne4 Bxe4 21.Rxe4 Rfd8 22.Rb1 Rd7
23.Rb6 Bf8 24.Rd6 Bxd6 25.exd6 b6 26.cxb6 Rxd6 27.Re1 Rd5 28.Rb1 Rb8 29.Be3 Rb5
30.Rc1 R5xb6 31.Bxb6 Rxb6 32.Rc2 Kf8 33.Kf1 Ke7 34.Rd2 Rc6 35.Rd3 Rc4 36.f3 f5
37.gxf5 gxf5 38.Ke2 h5 39.Ke3 e5 40.Ke2 Ke6 41.g3 Rc5 42.Rd8 Rxc3 43.Re8+ Kd5
44.Rd8+ Kc4 45.Re8 Rc2+ 46.Ke3 f4+ 47.gxf4 exf4+ 48.Kxf4 Rxa2 49.Kg5 Ra5+
50.Kg6 Ra3 51.f4 h4 52.f5 Rg3+ 53.Kf7 h3 54.f6 a5 55.Re4+ Kb5 56.Ke7 h2 57.Rh4 Re3+
58.Kd7 Rf3 59.Ke7 Re3+  1/2-1/2

[Event "BL2-N9192"]
[Site "Germany"]
[Date "1992.??.??"]
[Round "?"]
[White "Lisek, Juergen"]
[Black "Vogel, Robert"]
[Result "0-1"]
[WhiteElo "2270"]
[BlackElo "2290"]

1.e4 c5 2.Nf3 Nc6 3.Bb5 g6 4.O-O Bg7 5.c3 Nf6 6.d4 Nxe4 7.d5 Nb8 8.Bf4 O-O
9.Bd3 Nf6 10.d6 e6 11.Nbd2 b6 12.Ne4 Nd5 13.Bg5 f6 14.Bd2 Bb7 15.h4 Nc6 16.a3 f5
17.Neg5 Ne5 18.Be2 h6 19.Nxe5 Bxe5 20.Nf3 Bg7 21.Bd3 Kh7 22.Qe2 Nf6 23.Nh2 Ne4
24.Bxe4 Bxe4 25.g3 Bb7 26.Bf4 Qf6 27.Rfe1 Rae8 28.Be5 Qxe5 29.Qxe5 Bxe5 30.Rxe5 g5
31.hxg5 hxg5 32.f3 Kg6 33.Kf2 Kf6 34.Rae1 Rh8 35.Nf1 Be4 36.f4 gxf4 37.gxf4 Reg8
38.Re3 Rg2+ 39.Ke1 Rh1 40.b4 Rgg1  0-1

[Event "BL2-O9192"]
[Site "Germany"]
[Date "1992.??.??"]
[Round "?"]
[White "Pezerovic, Edin"]
[Black "Seibold, Hubert"]
[Result "1/2-1/2"]
[WhiteElo "2335"]
[BlackElo "2205"]

1.e4 c5 2.Nf3 Nc6 3.Bb5 g6 4.O-O Bg7 5.Re1 Nf6 6.c3 O-O 7.d4 cxd4 8.cxd4 d5
9.e5 Ne4 10.Nc3 Nxc3 11.bxc3 Na5 12.Ba3 Bd7 13.Bxd7 Qxd7 14.e6 fxe6 15.Qe2 Nc4
16.Bc1 e5 17.dxe5 e6 18.g3 Rf5 19.Bf4 Raf8 20.Rad1 Qe7 21.h4 h6 22.Nd4 Rxf4
23.gxf4 Rxf4 24.Rd3 Rxh4 25.Rg3 g5 26.Rg4 Rxg4+ 27.Qxg4 Nxe5 28.Qh5 Qf7 29.Qxf7+ Kxf7
30.Rb1 b6 31.a4 Nc4 32.Re1 Bxd4 33.cxd4 Kf6 34.Kg2 h5 35.Rh1 h4 36.f4 gxf4
37.Rxh4 Kf5 38.Kf3 Nd2+ 39.Ke2 Nc4 40.Rh6 e5 41.a5 Nxa5 42.Rh5+ Ke6 43.Rxe5+ Kd6
44.Rf5 Nc4 45.Rf6+ Ke7 46.Rxf4 a5 47.Kd3 b5 48.Kc3 Kd7 49.Rf6 Kc7 50.Kb3 Nb6
51.Rg6 Kb7 52.Rg7+ Kc6 53.Rg6+ Kb7 54.Rg7+  1/2-1/2

[Event "BL2-O9192"]
[Site "Germany"]
[Date "1992.??.??"]
[Round "?"]
[White "Babrikowski, Peter"]
[Black "Speckner, Roland"]
[Result "0-1"]
[WhiteElo "2280"]
[BlackElo "2225"]

1.e4 c5 2.Nf3 Nc6 3.Bb5 e6 4.O-O Nge7 5.c3 a6 6.Ba4 b5 7.Bc2 d5 8.d4 cxd4
9.Nxd4 Bb7 10.Nxc6 Bxc6 11.e5 Ng6 12.Qe2 Bc5 13.Be3 d4 14.Rd1 Qd5 15.Qf1 dxe3
16.Rxd5 Bxd5 17.c4 Bxc4 18.Bd3 Nxe5 19.Be2 exf2+ 20.Kh1 O-O 21.Nc3 Rfd8 22.Ne4 Bd4
23.Rd1 f5 24.Ng5 Be3 25.h4 Bxe2 26.Qxe2 Rxd1+ 27.Qxd1 Ng4  0-1

[Event "BL2-N9192"]
[Site "Germany"]
[Date "1992.??.??"]
[Round "?"]
[White "Slobodjan, Roman"]
[Black "Sandien, Michael"]
[Result "1-0"]
[WhiteElo "2315"]
[BlackElo "2345"]

1.e4 c5 2.Nf3 Nc6 3.Bb5 g6 4.O-O Bg7 5.c3 Nf6 6.Re1 O-O 7.h3 Qb6 8.Ba4 d5
9.e5 Ne8 10.d4 cxd4 11.cxd4 Bf5 12.Nc3 Rd8 13.Bxc6 Qxc6 14.Qb3 Nc7 15.Be3 Qa6
16.Rac1 Rc8 17.a4 Rfd8 18.Red1 Bd7 19.Ne1 Bf5 20.g4 Be6 21.Nd3 b6 22.Nb4 Qb7
23.Ne2 Bxe5 24.Nc6 Bd6 25.Nxd8 Rxd8 26.Bf4 Ne8 27.Qe3 Nf6 28.Rc2 b5 29.axb5 Qxb5
30.Bxd6 Rxd6 31.Rdc1 Kg7 32.Ng3 Rd8 33.Qe2 Qb4 34.Qe5 h6 35.Re2 Kh7 36.Rc3 Ne4
37.Rce3 Ng5 38.Kg2 Rd6 39.Ra3 a6 40.Qe3 Qc4 41.Rc3 Qb4 42.Rb3 Qa4 43.Rb7 Qe8
44.f3 f6 45.Qd3 Kg7 46.h4 Nf7 47.h5 Nd8 48.Rc7 Nc6 49.hxg6 Qb8 50.Nh5+ Kg8
51.Qd2 Qf8 52.g7 Qe8 53.Qxh6  1-0

[Event "BL2-N9192"]
[Site "Germany"]
[Date "1992.??.??"]
[Round "?"]
[White "Lorenz, Sascha"]
[Black "Gauglitz, Gernot"]
[Result "0-1"]
[WhiteElo "2340"]
[BlackElo "2430"]

1.e4 c5 2.Nf3 Nc6 3.Bb5 g6 4.O-O Bg7 5.Re1 e5 6.b4 cxb4 7.a3 Nge7 8.axb4 O-O
9.Bb2 d6 10.Bxc6 bxc6 11.d4 Qc7 12.dxe5 dxe5 13.Ra5 f6 14.Qd3 Be6 15.Nbd2 Rab8
16.Qa3 Nc8 17.Nb3 Bxb3 18.Qxb3+ Rf7 19.Rea1 Bf8 20.R5a4 Rb7 21.c4 Qe7 22.c5 Qe8
23.Qc4 Bh6 24.Ra6 Kh8 25.Bc3 Rbc7 26.g3 Rfd7 27.Kg2 Qg8 28.Qe2 Qb3 29.R6a3 Qf7
30.h4 Ne7 31.Rd1 Qe6 32.Rxd7 Rxd7 33.Qa6 Qg4 34.Qc4 Nd5 35.Be1 Nf4+ 36.Kg1 Nh3+
37.Kh2 Nf4 38.Qf1 Ne6 39.Qe2 g5 40.b5 gxh4 41.b6 axb6 42.cxb6 Bf8 43.Ra7 hxg3+
44.fxg3 Rd8 45.b7 Rb8 46.Bf2 Kg7 47.Qd3 Nc5 48.Qc3 Nxe4 49.Qxc6 Qxf3 50.Ra2 Bd6
51.Be1 Qb3 52.Ra7 Qb2+ 53.Kh3 Ng5+ 54.Kg4 Qe2+ 55.Kh4 Qh2+ 56.Kg4 Qh3+  0-1

[Event "BL2-N9192"]
[Site "Germany"]
[Date "1992.??.??"]
[Round "?"]
[White "Lorenz, Sascha"]
[Black "Lisek, Juergen"]
[Result "1/2-1/2"]
[WhiteElo "2325"]
[BlackElo "2270"]

1.e4 c5 2.Nf3 Nc6 3.Bb5 g6 4.O-O Nf6 5.Re1 Bg7 6.c3 O-O 7.d4 cxd4 8.cxd4 d5
9.e5 Ne4 10.Nc3 Nxc3 11.bxc3 Na5 12.Bg5 Be6 13.Qd2 a6 14.Bd3 Qd7 15.h4 Nc4
16.Qc2 Rfc8 17.h5 Rc6 18.hxg6 fxg6 19.Nh4 Rac8 20.Rac1 Bf7 21.Bf4 b5 22.Qd2 Rf8
23.g3 Qh3 24.f3 Be8 25.Kf2 Qe6 26.Rh1 h6 27.Qc2 b4 28.Ng2 h5 29.Bg5 Qg4 30.Bf4 Qe6
31.Qb3 bxc3 32.Rxc3 Rb6 33.Qd1 Nb2 34.Qc2 Nxd3+ 35.Qxd3 Rb2+ 36.Rc2 Bb5 37.Qc3 Rxc2+
38.Qxc2 Rc8 39.Qd2 Qb6 40.Be3 Rc4 41.Nf4 Qc6 42.Rc1 Bh6 43.Kg2 Bxf4 44.Bxf4 Rxc1
45.Qxc1 Qxc1 46.Bxc1 e6  1/2-1/2

[Event "BL2-N9192"]
[Site "Germany"]
[Date "1992.??.??"]
[Round "?"]
[White "Cladouras, Panagiotis"]
[Black "Baumbach, Friedrich"]
[Result "1/2-1/2"]
[WhiteElo "2370"]
[BlackElo "2330"]

1.e4 c5 2.Nf3 Nc6 3.Bb5 g6 4.Bxc6 dxc6 5.O-O Bg7 6.d3 Nf6 7.Nc3 O-O 8.Be3 b6
9.h3 h6 10.Qd2 Kh7 11.Nh2 e5 12.f4 exf4 13.Rxf4 Be6 14.Raf1 Nh5 15.R4f3 Qh4
16.Ne2 Rad8 17.Qc1 c4 18.g4 cxd3 19.cxd3 Nf6 20.Nf4 Nd7 21.d4 Nb8 22.Nxe6 fxe6
23.Kg2 Qe7 24.Qc4 Rxf3 25.Nxf3 Qd7 26.Bf4 c5 27.dxc5 bxc5 28.b3 Qe7 29.Be5 Nd7
30.Bxg7 Kxg7 31.Qc3+ Kh7 32.Ne5 Rf8 33.Nxd7 Rxf1 34.Kxf1 Qxd7 35.Qxc5 Qd1+
36.Kf2 Qd2+ 37.Kf3 Qxa2 38.Qe7+ Kh8 39.Qf8+ Kh7 40.Qf7+ Kh8 41.Qxg6 Qxb3+
42.Kg2 Qe3 43.Qf6+ Kh7 44.Qf7+ Kh8  1/2-1/2

[Event "BL2-N9192"]
[Site "Germany"]
[Date "1992.??.??"]
[Round "?"]
[White "Cladouras, Panagiotis"]
[Black "Kalinitschew, Sergey"]
[Result "1/2-1/2"]
[WhiteElo "2365"]
[BlackElo "2455"]

1.e4 c5 2.Nf3 Nc6 3.Bb5 e6 4.O-O Nge7 5.Re1 a6 6.Bf1 d5 7.exd5 Nxd5 8.d4 Nf6
9.c3 cxd4 10.cxd4 Be7 11.Nc3 O-O 12.Bg5 b5 13.Rc1 Bb7 14.Bxf6 Bxf6 15.d5 Nb4
16.dxe6 Qxd1 17.exf7+ Rxf7 18.Rexd1 Rc8 19.a4 bxa4 20.Nxa4 Rfc7 21.Rxc7 Rxc7
22.Nd4 Kf7 23.Nf5 Bd5 24.Re1 Rc6 25.h3 Bb3 26.Re4 Nd5 27.Bc4 Bxc4 28.Rxc4 Rxc4
29.Nd6+ Ke6 30.Nxc4 Nb4 31.Kf1 Kd5 32.Ne3+ Kc6 33.Ke2 Kb5 34.Nc3+ Bxc3 35.bxc3 Nc6
36.Kd3 a5 37.f4 Kc5 38.g4 a4 39.Kc2 Na7 40.Nf5 g6 41.Nd4 Kc4 42.h4 Nc8 43.f5 gxf5
44.Nxf5 Kd5 45.g5 Ke4 46.Ng7 Kf4 47.Ne6+ Kg4 48.h5 Kxh5 49.Nf8  1/2-1/2

[Event "BL2-N9192"]
[Site "Germany"]
[Date "1992.??.??"]
[Round "?"]
[White "Sandien, Michael"]
[Black "Rabiega, Robert"]
[Result "0-1"]
[WhiteElo "2345"]
[BlackElo "2400"]

1.e4 c5 2.Nf3 Nc6 3.Bb5 Nf6 4.Nc3 e5 5.Bxc6 dxc6 6.d3 Qc7 7.h3 h6 8.Be3 Be6
9.Qe2 Be7 10.Nd2 Qa5 11.O-O Nd7 12.f4 exf4 13.Bxf4 Qb6 14.Rab1 c4+ 15.Kh1 cxd3
16.cxd3 Qa6 17.Qf3 g5 18.Bh2 g4 19.hxg4 h5 20.g5 Bxg5 21.Nb3 f6 22.d4 Qb6
23.Qd3 Qa6 24.Qg3 h4 25.Qd6 Bc4 26.Rfe1 c5 27.Qxd7+ Kxd7 28.Nxc5+ Kc6 29.Nxa6 bxa6
30.d5+ Kd7 31.e5 fxe5 32.Ne4 Rhg8 33.Rbd1 Bxa2 34.Bxe5 Rac8 35.Bf6 Bf4 36.Nc3 Bd6
37.Re4 Bb3 38.Rde1 h3 39.Be5 Rxg2 40.Bxd6 Kxd6 41.Re6+ Kc5 42.Rxa6 Rxb2 43.d6 Rd8
44.Rxa7 Rxd6 45.Re2 Rd1+ 46.Kh2 Rxe2+ 47.Nxe2 Rd2 48.Re7 Bd1 49.Kxh3 Bxe2
50.Kg3 Bc4 51.Kf4 Bd5 52.Ke5 Re2+ 53.Kf6 Rh2 54.Ra7 Kd6 55.Ra6+ Bc6 56.Ra5 Re2
57.Re5 Rxe5  0-1

[Event "Gistrup"]
[Site "Gistrup"]
[Date "1992.??.??"]
[Round "3"]
[White "Kruszynski, Wlodzimierz"]
[Black "Zezulkin, Jurij"]
[Result "0-1"]
[WhiteElo "2375"]
[BlackElo "2440"]

1.e4 c5 2.Nf3 Nc6 3.Bb5 d6 4.O-O Bd7 5.c3 Nf6 6.Re1 a6 7.Bxc6 Bxc6 8.d4 Bxe4
9.Bg5 Bd5 10.Nbd2 c4 11.b3 b5 12.bxc4 bxc4 13.Bxf6 gxf6 14.Nf1 e6 15.Ne3 Qa5
16.Nd2 Rc8 17.Qh5 f5 18.Ndxc4 Rxc4 19.Nxc4 Bxc4 20.Rab1 Be7 21.Rb8+ Bd8 22.Rb7 O-O
23.Re3 f4 24.Qg4+ Qg5 25.Qxg5+ Bxg5 26.Re1 d5 27.a4 f3 28.gxf3 Bd2 29.Re5 Kh8
30.h4 h6 31.Kh1 Bxc3 32.Rh5 Kg7 33.Re5 Kf6 34.Rh5 Kg6 35.Re5 Bxd4  0-1

[Event "Gistrup"]
[Site "Gistrup"]
[Date "1992.??.??"]
[Round "7"]
[White "Kruszynski, Wlodzimierz"]
[Black "Bator, Robert"]
[Result "1/2-1/2"]
[WhiteElo "2375"]
[BlackElo "2355"]

1.e4 c5 2.Nf3 Nc6 3.Bb5 g6 4.O-O Bg7 5.c3 Nf6 6.e5 Nd5 7.d4 cxd4 8.cxd4 O-O
9.Nc3 Nxc3 10.bxc3 d6 11.exd6 Qxd6 12.a4 a6 13.Ba3 Qc7 14.Bxc6 bxc6 15.Re1 Re8
16.Ne5 Be6 17.Qd3 Rad8 18.Qg3 Bd5 19.Rab1 f6 20.Nd3 Qxg3 21.hxg3 e5  1/2-1/2

[Event "Goch op"]
[Site "Goch"]
[Date "1992.??.??"]
[Round "6"]
[White "Nowik, Volker"]
[Black "Kishnev, Sergey"]
[Result "0-1"]
[WhiteElo "1995"]
[BlackElo "2530"]

1.e4 c5 2.Nf3 Nc6 3.Bb5 e6 4.O-O Nge7 5.c3 a6 6.Ba4 b5 7.Bc2 Bb7 8.Re1 c4
9.d4 cxd3 10.Bxd3 Ng6 11.e5 Qc7 12.Qe2 Be7 13.b4 f6 14.exf6 Bxf6 15.Ng5 Nce5
16.Be4 Bxg5 17.Bxb7 Qxb7 18.Bxg5 O-O 19.Nd2 Rf5 20.Ne4 Qc6 21.Bd2 Nc4 22.Rad1 Raf8
23.f3 Nb2 24.Rc1 Ne5 25.Nf2 Nbc4 26.Rcd1 Rxf3 27.gxf3 Nxf3+ 28.Kf1 Nxh2+
29.Kg1 Nf3+ 30.Kf1 Nfxd2+  0-1